| 000 | 00751nam a2200217Ii 4500 | ||
|---|---|---|---|
| 003 | JO-AjNU | ||
| 008 | 230605s9999||||xx |||||||||||||| ||und|| | ||
| 017 | _a2003/7/14433 | ||
| 040 |
_aJO-AjNU _bara _erda _cJO-AjNU |
||
| 041 | _aara | ||
| 050 | 1 | 4 | _aBP134.P76.G486 2003 |
| 100 | 3 |
_aغنيم، محمد عبد القادر, _eauthor _916642 |
|
| 245 | 0 | 0 | _aمختارات من الأمثال السائرة في القرآن والحديث والعربية الزاهرة |
| 250 | _aط1 | ||
| 264 | 3 | 1 | _aعمان: دار الكرمل للنشر، 2003 |
| 300 | _a211ص | ||
| 336 |
_atext _btxt _2rdacontent |
||
| 337 |
_aunmediated _bn _2rdamedia |
||
| 338 |
_avolume _bnc _2rdacarrier |
||
| 650 | 4 |
_aالقصص العربية - الاردن _916643 |
|
| 999 |
_aA4978 _c8546 _d8546 |
||